<?xml version="1.0" encoding="UTF-8"?>
<record
    xmlns:xsi="http://www.w3.org/2001/XMLSchema-instance"
    xsi:schemaLocation="http://www.loc.gov/MARC21/slim http://www.loc.gov/standards/marcxml/schema/MARC21slim.xsd"
    xmlns="http://www.loc.gov/MARC21/slim">

  <leader>01007cam a22002771  4500</leader>
  <controlfield tag="001">sa 67001429 </controlfield>
  <controlfield tag="003">DLC</controlfield>
  <controlfield tag="005">20260227112322.0</controlfield>
  <controlfield tag="008">881007s1965    ii            000 0 san  </controlfield>
  <datafield tag="010" ind1=" " ind2=" ">
    <subfield code="a">sa 67001429 </subfield>
  </datafield>
  <datafield tag="035" ind1=" " ind2=" ">
    <subfield code="a">(OCoLC)18580117</subfield>
  </datafield>
  <datafield tag="040" ind1=" " ind2=" ">
    <subfield code="a">DLC</subfield>
    <subfield code="c">NRU</subfield>
    <subfield code="d">MiU</subfield>
    <subfield code="d">DLC</subfield>
  </datafield>
  <datafield tag="042" ind1=" " ind2=" ">
    <subfield code="a">premarc</subfield>
  </datafield>
  <datafield tag="050" ind1="0" ind2="0">
    <subfield code="a">PK521.D53</subfield>
    <subfield code="b">T7</subfield>
  </datafield>
  <datafield tag="100" ind1="1" ind2=" ">
    <subfield code="a">Trip&#x101;&#x1E6D;h&#x12B;, Bh&#x101;g&#x12B;rathapras&#x101;da.</subfield>
  </datafield>
  <datafield tag="245" ind1="1" ind2="0">
    <subfield code="a">P&#x101;&#x1E47;in&#x12B;yadh&#x101;tup&#x101;&#x1E6D;hasam&#x12B;k&#x1E63;&#x101;.</subfield>
    <subfield code="c">lekhaka&#x1E25; sampd&#x304;akasha Bh&#x101;g&#x12B;rathapras&#x101;da Trip&#x1E6D;&#x304;h&#x12B; 'V&#x1E21;&#x12B;&#x15B;&#x1E25;&#x15B;&#x101;str&#x12B;.</subfield>
  </datafield>
  <datafield tag="260" ind1=" " ind2=" ">
    <subfield code="a">V&#x101;r&#x101;&#x1E47;asy&#x101;&#x1E43;,</subfield>
    <subfield code="b">[Director, Research Institute, Varanaseya  Sanskrit Vishvavidyalaya]</subfield>
    <subfield code="c">[1965]</subfield>
  </datafield>
  <datafield tag="300" ind1=" " ind2=" ">
    <subfield code="a">19, 764 p.</subfield>
    <subfield code="c">26 cm.</subfield>
  </datafield>
  <datafield tag="490" ind1="0" ind2=" ">
    <subfield code="a">Sarasvat&#x12B;bhavana-adhyayanaml&#x304;&#x101;,</subfield>
    <subfield code="v">14</subfield>
  </datafield>
  <datafield tag="500" ind1=" " ind2=" ">
    <subfield code="a">Added t.p.: P&#x101;&#x1E47;in&#x12B;ya-Dh&#x101;tup&#x101;&#x1E6D;ha-sam&#x12B;k&#x1E63;&#x101;.</subfield>
  </datafield>
  <datafield tag="500" ind1=" " ind2=" ">
    <subfield code="a">In Sanskrit.</subfield>
  </datafield>
  <datafield tag="504" ind1=" " ind2=" ">
    <subfield code="a">Bibliography: p. [762]-764.</subfield>
  </datafield>
  <datafield tag="600" ind1="0" ind2="0">
    <subfield code="a">P&#x1E47;&#x304;in&#x12B;.</subfield>
    <subfield code="t">Dh&#x101;tup&#x101;&#x1E6D;ha.</subfield>
  </datafield>
  <datafield tag="650" ind1=" " ind2="0">
    <subfield code="a">Sanskrit language</subfield>
    <subfield code="x">Roots.</subfield>
  </datafield>
  <datafield tag="740" ind1="0" ind2=" ">
    <subfield code="a">P&#x101;&#x1E47;in&#x12B;ya-Dh&#x101;tup&#x1E6D;&#x304;ha-sam&#x12B;k&#x1E63;&#x101;.</subfield>
  </datafield>
  <datafield tag="999" ind1=" " ind2=" ">
    <subfield code="c">72627</subfield>
    <subfield code="d">72627</subfield>
  </datafield>
</record>
